00573nam a2200169Ia 4500008004100000020001500041041000800056082001300064100004200077245002300119250000600142260006100148300003000209650002300239999001900262952012200281210716s2004 xx 000 0 und d a0070586918 aeng a155 PAPD aPapalia, Diane E;Olds, Sally Wendkos. aHuman development. a9 aNew DelhibTata McGraw Hill Publishing Company Ltdc2004 axxviiI,706,G11,B82,A4,N14 aGeneral Management c199248d199248 001040708MBAaAIMITbAIMITd2005-08-19g395.00l0o155 PAPDpMBA01813r2026-05-23 00:00:00v316.00w2021-07-16yBK